|
|
|
|
| LEADER |
00000cam a2200000 7i4500 |
| 001 |
0000002110 |
| 005 |
20021016.0 |
| 090 |
0 |
0 |
|a R THE 634.98092
|b MOH 1996
|
| 100 |
0 |
0 |
|a MOHD. Jinis bin Abdullah
|
| 245 |
0 |
0 |
|a Socio-economic study of logging workers in Selangor
|c by Mohd. Jinis bin Abdullah
|
| 260 |
0 |
0 |
|a Serdang, Selangor :
|b Universiti Pertanian Malaysia ,
|c 1996
|
| 300 |
|
|
|a x, 79 p. ;
|c 30 cm.
|
| 440 |
0 |
0 |
|a Malayan forest records ; n. 42
|
| 500 |
0 |
0 |
|a Bibliography : p. 59-61
|
| 500 |
0 |
0 |
|a Thesis: Bac. of Forestry Science, Universiti Pertanian Malaysia (1996)
|
| 650 |
0 |
0 |
|a Loggers
|x Socioeconomic status
|z Selangor
|
| 998 |
|
|
|a JPSM
|
| 999 |
|
|
|a 0000003475
|b Monograph
|c Thesis
|e Default branch
|